| 000 | 00635ntm a2200193 i 4500 | ||
|---|---|---|---|
| 001 | 181395 | ||
| 003 | ES-MaACL | ||
| 005 | 20231205164445.0 | ||
| 008 | 121227q1923 sp |||| |bspa d | ||
| 100 | 1 |
_aFernández Almagro, Melchor, _d1893-1966 _949447 |
|
| 245 | 1 | 0 |
_aVida y obra de Ángel Ganivet [ _hManuscrito] / _c[Melchor Fernández Almagro]. |
| 260 |
_a[Madrid : _bs.n., _c1923?] |
||
| 300 |
_a300 fol. ; _c16 cm (apais.) |
||
| 586 | _aPremio Charro-Hidalgo, 1923 | ||
| 597 | _aEjemplar mecanografiado. | ||
| 600 | 1 | 4 |
_aGanivet, Ángel, _d1865-1898 _953864 |
| 852 | 4 |
_aES-MaACL _jB-12216 |
|
| 999 |
_c181395 _d181395 |
||